Statistics for Countries Bordering Mozambique

Click here to take the quiz!

General Stats

  • This quiz has been taken 45 times
  • The average score is 6 of 6

Answer Stats

Answer% Correct
Tanzania
98%
Malawi
95%
South Africa
95%
Zimbabwe
93%
Zambia
90%
Eswatini
79%

Score Distribution

Percentile by Number Answered

Percent of People with Each Score

Your Score History

You have not taken this quiz